000 00353nam a2200109Ia 4500
008 220214s9999 xx 000 0 und d
100 _aTsuchiya Tetal
245 0 _aToxicological evaluation for biomaterials: Examinations of radiation vulcanized natural rubber latex
260 _bradiation Physics and Chemistry
_c1992
300 _a541-545
942 _cRE
999 _c45934
_d45934